Представление документа в формате MARC21

Поле Инд. ПП Название Значение
Тип записи a
Библиографический уровень m
001 Контрольный номер RU/IS/BASE/180102855
005 Дата корректировки 20230216093619.1
020 a ISBN 5-7502-0059-0
040 b Код языка каталог. rus
041 0_ a Код языка текста rus
080 a Индекс УДК 004.42
084 a Индекс другой классификации/Индекс ББК 32.973.26-018.2
090 a Полочн. индекс 681.3
x Авторский знак К83
097 b Оператор 02
100 1_ a Автор Крокет Ф.
245 10 a Заглавие MFC
b Продолж. заглавия мастерская разработчика
260 a Место издания М.
b Издательство Русская Редакция
c Дата издания 1998
300 a Объем 400 с.
b Иллюстрации/ тип воспроизводства ил.
510 0_ a Примечание о ссылках Книги и методические пособия
650 04 a Основная рубрика 50.41 Программное обеспечение вычислительных машин, комплексов и сетей
x Основная подрубрика 50.41.25 Прикладное программное обеспечение
653 0_ a Ключевые слова программирование; Windows; программы (выч. техника); прикладные программы
901 t Тип документа m